Star Wars : velká encyklopedie postav /

Hlavní autor: Beecroft, Simon
Další autoři: Hidalgo, Pablo, Šprtová Macková, Michaela
Jazyk: Čeština
Vydáno: V Brně : CPress, 2016
Vydání: 1. vydání
Témata:
Fyzický popis: 220 stran : barevné ilustrace, portréty ; 25 cm
Language note: Český text
Knihy
Uloženo v:
LEADER 02041nam a2200577 i 4500
001 nkc20162840051
003 CZ PrNK
005 20161107071420.0
007 ta
008 161017s2016 xr ac e e 001 0 cze
015 |a cnb002840051 
020 |a 978-80-264-1033-1  |q (vázáno) 
035 |a (OCoLC)962341446 
040 |a ABA001  |b cze  |e rda 
041 1 |a cze  |h eng 
043 |a n-us--- 
072 7 |a 791  |x Film. Cirkus. Lidová zábava  |2 Konspekt  |9 3 
080 |a 791.221.8:82-311.9  |2 MRF 
080 |a 791-5  |2 MRF 
080 |a (73)  |2 MRF 
080 |a (031)  |2 MRF 
100 1 |a Beecroft, Simon  |7 mzk2003217318  |4 aut 
245 1 0 |a Star Wars :  |b velká encyklopedie postav /  |c napsal Simon Beecroft a Pablo Hidalgo ; překlad: Michaela Macková 
246 3 |a Velká encyklopedie postav Star Wars 
250 |a 1. vydání 
264 1 |a V Brně :  |b CPress,  |c 2016 
300 |a 220 stran :  |b barevné ilustrace, portréty ;  |c 25 cm 
336 |a text  |b txt  |2 rdacontent 
336 |a statický obraz  |b sti  |2 rdacontent 
337 |a bez média  |b n  |2 rdamedia 
338 |a svazek  |b nc  |2 rdacarrier 
500 |a Přeloženo z angličtiny? 
500 |a Obsahuje rejstřík 
546 |a Český text 
630 0 7 |a Star Wars  |7 unn2006375272  |2 czenas 
630 0 9 |a Star Wars (motion picture)  |2 eczenas 
650 0 7 |a vědecko-fantastické filmy  |7 ph127357  |z Spojené státy americké  |2 czenas 
650 0 7 |a filmové postavy  |7 ph203862  |2 czenas 
650 0 9 |a science fiction films  |z United States  |2 eczenas 
650 0 9 |a film characters  |2 eczenas 
655 7 |a encyklopedie  |7 fd132201  |2 czenas 
655 9 |a encyclopedias  |2 eczenas 
700 1 |a Hidalgo, Pablo  |7 mzk2016901677  |4 aut 
700 1 |a Šprtová Macková, Michaela  |7 xx0099509  |4 trl 
765 0 |t Star Wars character encyclopedia  |9 Česky 
910 2 |a BOA001  |b 2-1374.380 
928 9 |a Albatros Media - CPress 
990 |a BK 
995 |a 01 
991 |b 201610  |c NOV 
996 6 |b 2610684501  |c 2-1374.380  |l MZK  |r Sklad / do 1 hodiny  |n 1  |p p.v.  |w 001582908  |u 000010  |a 1  |e BOA001  |j MZK50  |s P